000 00335nam a2200133 i 4500
001 bg
100 1 _aSIMON HERBERT, A.
245 0 _aPodejmowanie decyzji kierowniczych :
_bnowe nurty /
_cA. Simon Herbert.
260 _aWarszawa,
_c1982.
040 _cBPK
041 _apol
942 _cKS
008 s pl f |000 0 pol
999 _c21143
_d21143
856 _uhttp://koha.tu.koszalin.pl/cgi-bin/koha/opac-detail.pl?biblionumber=21143
_yKatalog online BPK